| 000 | 00648nam a2200169 4500 | ||
|---|---|---|---|
| 001 | 107617 | ||
| 003 | ES-MaACL | ||
| 005 | 20230906184445.0 | ||
| 007 | t| | ||
| 008 | 061121s1957 sp r ||||1| cat d | ||
| 100 | 1 |
_aMoscardó Cervera, Federico. _983741 |
|
| 245 | 1 | 0 |
_aBiografies dels Reis de Valencia _b: d'en Jaime I el Conqueridor fins en Ferran II el Catolic / _cpor Mossén Frederic Moscardo i Cervera; próleg de Josep Cano i Marqués. |
| 260 |
_aValencia : _b[s.n], _c1957 ( _fImp.Sucs. de Vives Mora) |
||
| 300 |
_a207 p., 13 lám : _bil. ; _c17 cm. |
||
| 700 | 1 |
_aCano i Marqués, Josep. _934551 |
|
| 852 |
_aES-MaACL _jC-13986 _bR.41766 |
||
| 999 |
_c107617 _d107617 |
||